000 01013nam a2200265 i 4500
001 196768
003 SpMaBN
005 20250731063051.0
008 241114s2024 xx |||||||||||00| ||spa||
017 _aM 20130-2024
_bOficina Depósito Legal Madrid
020 _a9788409641840
040 _aSpMaBN
_bspa
_cSpMaBN
_erda
245 1 0 _aMi torero 2 /
_cTertulia Internacional de Juegos y Ritos Táuricos.
260 _aMadrid :
_bTertulia Internacional de Juegos y Ritos Táuricos,
_c2024.
300 _a149 páginas ;
_c18 cm
336 _aTexto
_2rdacontent
337 _asin mediación
_2rdamedia
338 _avolumen
_2rdacarrier
650 7 _9163071
_aToreros
852 _aES-MaACL
_cDEPOJ
_jN-10267
_hDonación: José Campos Cañizares
_xEncuadernación rústica con solapas
_9206393
942 _cMONOGRAFIA
_n0
999 _c196768
_d196768